000
00207nam a22001097a 4500
041
_a
eng
080
_a
80
100
_a
Frycie, S.
245
_a
Lektury Odlegle i Bliskie
650
_a
Polish
999
_c
278045
_d
278045
942
_c
BK